000 00357nam a22001097a 4500
999 _c18823
_d18823
008 210222b xxu||||| |||| 00| 0 eng d
050 _aGMND2137
_b.C44 2019 c.1
100 _aChepkorir, Violah
245 _aMaternal determinants of iron deficiency anaemia among pregnant women in migratory community, Narok county
300 _a78 leaves
942 _2lcc
_cTHE